L'Histoire de la 2ème guerre mondiale aux années 2000 - Statistiques

Statistiques générales
  • Ce quiz a été pris 573 fois
  • Le résultat moyen est 3 sur 15
Statistiques - réponses
Hint Réponse % Correct
A quelle date précise eu lieu l'invasion de la Pologne par Hitler? 1 septembre 1939
61%
Quelle est le mois et l'année précise du débarquement en Normandie? Juin 1944
58%
Quand ont eu lieu les bombardements d'Hiroshima et de Nagasaki? 1945
48%
En quelle année les cendres de Jean Moulin sont transférées au Panthéon? 1964
30%
Comment se nomme le premier homme à avoir pris un vol pour l'espace? Youri Gagarine
27%
En quelle année fut inauguré le tunnel sous la manche? 1994
20%
Un séisme en Inde et au Pakistan d'une magnitude de 7,7 sur l'échelle de Richter a été enregistré en quelle année? 2001
13%
En quelle année se termina la guerre civile Algérienne? 2002
12%
Qui reçu le prix nobel de la paix le 10 décembre 1964? Martin Luther King
9%
Quelle est la date précise de l'assassinat de John Fitzgeral Kennedy 22 novembre 1963
8%
Quel pays d'Afrique a connu une famine en 1998 Soudan
5%
La Seconde Guerre Mondiale s'achève avec la prise de quelle ville et par qui? Berlin, Armée rouge
4%
Quelle est la date précise des attentats de Madrid? 11 mars 2004
2%
En quel mois et année précise le Cameroun accède à l'indépendance? Janvier 1960
2%
Quelle est la date précise du premier vol du concorde? 2 mars 1969
1%
Aucun quiz correspondant
Distribution des résultats
% des personnes avec chaque résultat
Percentile par nombre de réponses
Votre historique - résultats
Vous n’avez pas pris ce quiz